YA/NA Fantasy Novels - Statistics

General Stats
  • This quiz has been taken 26 times
  • The average score is 11 of 20
Answer Stats
Hint Answer % Correct
Thomas wakes up in the Glade with no memory and must join the other boys in solving the deadly shifting Maze The Maze Runner
94%
Tris Prior learns that she doesn't fit into just one faction, making her a threat to their society Divergent
89%
Violet wants to be a scholar, but is forced by her mother, the leader of Basgiath War College, to train to be a dragon rider Fourth Wing
83%
Juliette, who was locked away by the Reestablishment for her lethal touch, is offered her freedom if she collaborates with the dictatorship Shatter Me
83%
Jude Duarte and her sisters are raised in the world of the fae court by their fae father - a powerful general - after he kills their mother The Cruel Prince
78%
Celaena Sardothien, an imprisoned assassin, competes in a deadly contest to become the king's champion Throne of Glass
78%
Feyre Archeron is whisked away by a vengeful Fae Lord when she kills his friend, and she falls in love with him A Court of Thorns and Roses
72%
Paedyn Gray survives by pretending to be an Ordinary, hiding her abilities in a kingdom that hunts the powerless Powerless
67%
Mare Barrow finds out she has Silver abilities even though she is a Red and is forced to hide in plain sight in the Silver court Red Queen
67%
Alina Starkov unleashes a dormant power during battle, drawing the attention of the mysterious Darkling Shadow and Bone
61%
Bryce teams up with Hunt, a fallen angel, to investigate a string of murders that began with her best friend Danika in the city of Lunathion Crescent City
56%
Clary Fray witnesses the murder of a demon and find out she is a Shadowhunter City of Bones
50%
When Tella is kidnapped as part of Legend's elaborate performance, her sister Scarlett is swept into the magical game Caraval
44%
Isla Crown enters the Centennial, a deadly competition where rulers must break their curses, even if it means their betrayal and sacrifice Lightlark
39%
Zelie Adebola embarks on a quest to restore magic to Orisha and free her people from persecution Children of Blood and Bone
28%
June, the nation's top prodigy, must hunt down Day, the nation's most wanted criminal, who she thinks murdered her brother Legend
28%
Laia, a slave, and Elias, a soldier in training to become a Mask, fall in love as they are sucked into the rebellion against the Romanesque empire An Ember in the Ashes
17%
Eelyn of the Aska discovers that her brother, long thought dead, is living and fighting for her enemy clan Sky in the Deep
17%
Triplets Mirabella, Arsinoe, and Katharine - raised in different societies - must compete to the death for the title of Queen of Fennbirn Three Dark Crowns
17%
Tory and Darcy Vega discover they are lost Fae princesses and must survive a ruthless academy to claim their throne Zodiac Academy: The Awakening
11%
No matching quizzes found
Score Distribution
Percent of People with Each Score
Percentile by Number Answered
Your Score History
You have not taken this quiz